| 000 | 00543nam a22001697a 4500 | ||
|---|---|---|---|
| 999 |
_c8997 _d8997 |
||
| 008 | 210309b ||||| |||| 00| 0 eng d | ||
| 040 | _aBMS College of Architecture | ||
| 100 | _aS, Madhuri | ||
| 245 | _aIntegrated facility for rehabilitated fishermen Amdalli | ||
| 300 | _a58p. | ||
| 500 | _a1BM09AT024 | ||
| 502 |
_8B.Arch _NBMS College of Architecture, Visvesvaraya Technological University (VTU) _aProject report _d2013 |
||
| 650 | _aAmdalli | ||
| 700 |
_aAjaichandran C K _eGuide |
||
| 700 |
_aBhagyalaxmi M _eGuide |
||
| 942 |
_2ddc _cTHE |
||